Vista normal Vista MARC

Entrada Nombre corporativo

Número de registros utilizados en: 1

001 - NÚMERO DE CONTROL

  • campo de control: 37287

003 - IDENTIFICADOR DE NÚMERO DE CONTROL

  • campo de control: OSt

005 - FECHA Y HORA DE LA ÚLTIMA TRANSACCIÓN

  • campo de control: 20221005161740.0

008 - ELEMENTOS DE DATO DE LONGITUD-FIJA

  • campo de control de longitud fija: 221005|| aca||aabn | a|a d

040 ## - FUENTE DE CATALOGACIÓN

  • Centro catalogador/agencia de origen: OSt
  • Centro/agencia transcriptor: OSt

110 ## - ENCABEZAMIENTO-NOMBRE DE ENTIDAD CORPORATIVA

  • Nombre de entidad corporativa o nombre de jurisdicción como elemento de entrada: FEDERACION INTERNACIONAL DE TRABAJADORES DEL TEXTIL, VESTUARIO Y CUERO.
  • Unidad subordinada: Congreso Mundial
  • Fecha del congreso o de la firma del tratado: 1996
  • Sede del congreso/Lugar de la reunión: Australia
  • Número del congreso/reunión o número de parte o sección:

670 ## - FUENTE DE DATOS ENCONTRADOS

  • Cita de la fuente: Work cat.: (OSt)56133: FEDERACION INTERNACIONAL DE TRABAJADORES DEL TEXTIL, VESTUARIO Y CUERO. Congreso Mundial 1996 Australia 7º, Mociones para ser sometidas al Congreso, 1996

Con tecnología Koha